000 00566nam a22001937a 4500
003 OSt
005 20140310182527.0
008 130812t xxu||||| |||| 00| 0 eng d
020 _a9788126145218
050 _aQD 251
_b.R231 2011
100 _aRastogi, Arun
_99545
245 _aAdvanced organic chemistry :
_breactions, mechanisms and structure /
_cArun Rastogi.
250 _a1st ed.
260 _aIndia :
_bAnmol Publications Pvt. Ltd.,
_cc2011.
300 _a296 p. :
_c21 cm.
650 _aOrganic Chemistry
_99640
942 _2lcc
_cSSLC
999 _c14079
_d14079